RAINBOW VALLEY / (Record no. 177782)

MARC details
000 -LEADER
fixed length control field 01902nam a2200373 ia4500
003 - CONTROL NUMBER IDENTIFIER
control field OSt
005 - DATE AND TIME OF LATEST TRANSACTION
control field 20200623103540.0
008 - FIXED-LENGTH DATA ELEMENTS--GENERAL INFORMATION
fixed length control field 200623t19192018-uk j 000 1 eng d
020 ## - INTERNATIONAL STANDARD BOOK NUMBER
Terms of availability RM530.95
Qualifying information set
International Standard Book Number 9781782264491
Terms of availability RM66.36
Qualifying information paperback
040 ## - CATALOGING SOURCE
Original cataloging agency PPAK
Language of cataloging eng
Transcribing agency PPAK
Description conventions rda
082 04 - DEWEY DECIMAL CLASSIFICATION NUMBER
Edition number 23
Classification number 813.52
090 00 - LOCALLY ASSIGNED LC-TYPE CALL NUMBER (OCLC); LOCAL CALL NUMBER (RLIN)
Classification number (OCLC) (R) ; Classification number, CALL (RLIN) (NR) 813.52
Feature heading MON
Feature heading K
100 1# - MAIN ENTRY--PERSONAL NAME
Personal name Montgomery, L. M.,
Dates associated with a name 1874-1942.
Relator term author.
Fuller form of name (Lucy Maud),
245 10 - TITLE STATEMENT
Title RAINBOW VALLEY /
Statement of responsibility, etc. L. M. Montgomey ; Cover Design and Illustrations Elena Distefano and Rhiannon Izard
264 #1 - PRODUCTION, PUBLICATION, DISTRIBUTION, MANUFACTURE, AND COPYRIGHT NOTICE
Place of production, publication, distribution, manufacture Leicester, United Kingdom :
Name of producer, publisher, distributor, manufacturer Sweet Cherry Publishing,
Date of production, publication, distribution, manufacture, or copyright notice 2018
Date of production, publication, distribution, manufacture, or copyright notice ©1919
300 ## - PHYSICAL DESCRIPTION
Extent 312 pages :
Dimensions 20 cm
336 ## - CONTENT TYPE
Source rdacontent
Content type term text
337 ## - MEDIA TYPE
Source rdamedia
Media type term unmediated
338 ## - CARRIER TYPE
Source rdacarrier
Carrier type term volume
490 1# - SERIES STATEMENT
Series statement Anne of green gables ;
Volume/sequential designation 7
500 ## - GENERAL NOTE
General note First published in 1919
520 ## - SUMMARY, ETC.
Summary, etc. In the soft greens and glooms of Rainbow Valley, Anne’s children grow up alongside those of the Reverend John Meredith. With a distracted father and no mother, the Meredith children get into so much trouble they decide to form a Good-Conduct Club to help bring themselves up and punish themselves when they do wrong. Unfortunately this only makes things worse. What they really need is a stepmother, but everyone knows stepmothers are wicked. Just ask Mary Vance. Part of the Anne of Green Gables Complete Collection by L. M. Montgomery. A tale of literature’s most famous redhead and her colourful imagination.
600 10 - SUBJECT ADDED ENTRY--PERSONAL NAME
Personal name Shirley, Anne
Titles and other words associated with a name (Fictitious character)
Form subdivision Juvenile fiction
650 10 - SUBJECT ADDED ENTRY--TOPICAL TERM
Topical term or geographic name entry element Prince Edward Island (Prince Edward Islands)
Form subdivision Juvenile fiction
Topical term or geographic name entry element Shirley, Anne
Form subdivision (Fictitious character)
655 7# - INDEX TERM--GENRE/FORM
Genre/form data or focus term Children's stories
Genre/form data or focus term Fiction
700 1# - ADDED ENTRY--PERSONAL NAME
Personal name Distefano, Elena,
Relator term illustrator.
Personal name Izard, Rhiannon,
Relator term illustrator.
830 #0 - SERIES ADDED ENTRY--UNIFORM TITLE
Uniform title Anne Of Green Gables ;
Number of part/section of a work 7
942 ## - ADDED ENTRY ELEMENTS (KOHA)
Source of classification or shelving scheme Dewey Decimal Classification
Koha item type Book
Holdings
Withdrawn Not for loan Current library Shelving location Date acquired Total Checkouts Total Renewals Full call number Barcode Date last seen Date last checked out Koha item type
    Perpustakaan Alor Setar Pinjaman Kanak-kanak 04/08/2020 3 2 K 813.52 MON A01645378 18/04/2026 14/03/2026 Book